000 01076nab a22002297a 4500
999 _c6576
_d6576
003 OSt
005 20260225121135.0
008 190506c xxu||||| |||| 00| 0 spa d
040 _cPJ
100 _97147
_aLlatser, Norma
245 1 0 _aProceso laboral, sus avances a 6 años de la vigencia del nuevo código /
_cNorma Llatser.
260 _aBuenos Aires :
_bAbeledoPerrot,
_c2025.
300 _ap. 3-9
500 _aCita: TR LALEY AR/DOC/389/2025.
505 _aSumario: I. Breve introducción.— II. La intervención del juez.— III. Los plazos procesales.— IV. La tecnología y el proceso: expediente digital.— V. La incorporación de inteligencia artificial: Concilia.— VI. Conclusión.
505 _t¿Te interesa el texto completo? Comunicate al correo: koha@justierradelfuego.gov.ar
650 0 _91316
_aDERECHO LABORAL
650 0 _91514
_aPROCEDIMIENTO LABORAL
650 0 _95817
_aINTELIGENCIA ARTIFICIAL
773 0 _02751
_93202
_dBuenos Aires : AbeledoPerrot, 2013-
_tRevista de derecho laboral y seguridad social. Nº 7 - Abril 2025
942 _2udc
_cANA